000 00332nam a2200133Ia 4500
008 150201s2011 xx 000 0 und d
082 _a611
_bA11T
100 _aTORTORA, GERARD J.
245 _aPRINCIPLESOF ANATOMY & PHYSIOLOGY VOL.-2
260 _bWILEY
_c2011
300 _a1-1222
650 _aHUMAN ANATOMY
942 _2ddc
_cBK
_09
999 _c1770
_d1770